If you've seen one, you've seen the mall : (Record no. 6515)

MARC details
000 -LEADER
fixed length control field 01331cam a2200241 4500
001 - CONTROL NUMBER
control field 7607
005 - DATE AND TIME OF LATEST TRANSACTION
control field 20181127183949.0
008 - FIXED-LENGTH DATA ELEMENTS--GENERAL INFORMATION
fixed length control field 950621s1996 ilu b s001 0 eng
010 ## - LIBRARY OF CONGRESS CONTROL NUMBER
LC control number 95032455
020 ## - INTERNATIONAL STANDARD BOOK NUMBER
International Standard Book Number 0252022009 (cloth : acidb-sfree paper)
International Standard Book Number 0252065328 (pbk. : acidb-sfree paper)
082 00 - DEWEY DECIMAL CLASSIFICATION NUMBER
Classification number 940
Edition number 20
100 1# - MAIN ENTRY--PERSONAL NAME
Personal name Kroes, Rob.
245 10 - TITLE STATEMENT
Title If you've seen one, you've seen the mall :
Remainder of title Europeans and American mass culture /
Statement of responsibility, etc. Rob Kroes.
260 ## - PUBLICATION, DISTRIBUTION, ETC.
Place of publication, distribution, etc. Urbana :
Name of publisher, distributor, etc. University of Illinois Press,
Date of publication, distribution, etc. c1996.
300 ## - PHYSICAL DESCRIPTION
Extent xiv, 195 p. ;
Dimensions 24 cm.
504 ## - BIBLIOGRAPHY, ETC. NOTE
Bibliography, etc. note Includes bibliographical references (p. 179-189) and index.
505 0# - FORMATTED CONTENTS NOTE
Formatted contents note American culture in European metaphors : the West as will and conception -- High and low : the quest for cultural standards in America -- Film as a mechanical art : Hollywood in Holland -- Advertising : the world of disjointed attributes -- The fifth freedom and the commodification of civic virtue -- Mediated history : the Vietnam War as a media event -- Breathless : the French nouvelle vague and Hollywood -- Rap : the ultimate staccato culture -- Americanization : what are we talking about.
650 #0 - SUBJECT ADDED ENTRY--TOPICAL TERM
Topical term or geographic name entry element Americanization.
Topical term or geographic name entry element Popular culture
Geographic subdivision United States.
651 #0 - SUBJECT ADDED ENTRY--GEOGRAPHIC NAME
Geographic name Europe
General subdivision Civilization
-- American influences.

No items available.

Royal Thimphu College || All Right Reserved